|
|
|
|
| LEADER |
00000nab a22000005a 4500 |
| 001 |
AR-BbUGT9268 |
| 003 |
AR-BbUGT |
| 005 |
20181220002605.0 |
| 007 |
ta |
| 008 |
180417s2008||||ag |||p |||| 0|||||spa d |
| 040 |
|
|
|a AR-BbUGT
|c AR-BbUGT
|
| 100 |
1 |
|
|a Pujol Estragués, Herminia y otros
|
| 245 |
1 |
3 |
|a La presencia y la carrera profesional de las mujeres en la Geografía académica. Estudio de las peculiaridades del caso español
|
| 500 |
|
|
|a EN CD
|
| 653 |
|
|
|a Geografía Académica
|
| 653 |
|
|
|a Mujeres
|
| 773 |
0 |
|
|o R7157.44
|g Vol. 7 (2008), p. 136-159
|t Estudios socioterritoriales
|x 1515-6206
|w AR-BbUGT7031
|
| 942 |
|
|
|2 ddc
|c ARTPP
|
| 999 |
|
|
|c 14787
|d 14787
|